| 000 | 00633nam a22002177a 4500 | ||
|---|---|---|---|
| 005 | 20250909110731.0 | ||
| 008 | 250909b |||||||| |||| 00| 0 eng d | ||
| 020 | _a9789358493146 | ||
| 040 |
_aIN-DiNC _cIN-DiNC |
||
| 041 | _dasm | ||
| 082 |
_a320.5 _bDUT |
||
| 100 |
_aDutta, Mridul _eauthor |
||
| 245 |
_aAdhunik rajnaitik darshan (Major11)/ _cby Mridul Dutta, Pranjit Saikia and Akashi Baruah |
||
| 250 | _a1st ed. | ||
| 260 |
_aDibrugarh: _bBanalata, _c2025. |
||
| 300 | _a254p. | ||
| 650 | _aModern political theory (Major11) | ||
| 700 |
_aSaikia, Pranjit _eauthor |
||
| 700 |
_aBaruah, Akashi _eauthor |
||
| 942 |
_2ddc _cBK |
||
| 999 |
_c12245 _d12245 |
||